[Event "18. Open de la Constitución 2016"]
[Site "San Sebastian de los Reyes ES"]
[Date "2016.12.06"]
[Round "4.1"]
[White "Perez Gonzalez, Jose Manuel"]
[Black "Torres Bosch, Jose F"]
[Result "1-0"]
[WhiteElo "2315"]
[BlackElo "2142"]
[PlyCount "111"]
[EventDate "2016.12.03"]
[EventType "swiss"]
[EventRounds "9"]
[EventCountry "ESP"]
[SourceTitle "Ajedrez en Madrid"]
[Source "lmi"]
[SourceDate "2016.12.03"]

1. e4 c5 2. Nf3 d6 3. d4 cxd4 4. Nxd4 Nf6 5. Nc3 a6 6. Bc4 e6 7. O-O Be7 8. a3
O-O 9. Ba2 Nc6 10. Be3 Bd7 11. f4 Nxd4 12. Bxd4 Bc6 13. Qf3 Qa5 14. Rae1 Rad8
15. Qf2 Qh5 16. h3 d5 17. e5 Ne4 18. Nxe4 dxe4 19. c3 Bb5 20. c4 Bc6 21. Bb6
Bh4 22. Qe2 Qg6 23. Bxd8 Rxd8 24. Bb1 Bxe1 25. Rxe1 Qg3 26. Qf2 Qxf2+ 27. Kxf2
Rd4 28. b3 f5 29. exf6 gxf6 30. Ke3 Rd7 31. Bxe4 Bxe4 32. Kxe4 Rd2 33. g4 Kf7
34. Re3 Ke7 35. b4 Rc2 36. Kd4 b6 37. c5 b5 38. Rc3 Rf2 39. Ke4 Re2+ 40. Kf3
Rh2 41. Kg3 Rd2 42. g5 fxg5 43. fxg5 Rd4 44. h4 Kd7 45. Rf3 Kc6 46. h5 a5 47.
g6 Rd7 48. Rf7 Rd3+ 49. Kg4 hxg6 50. hxg6 Rxa3 51. g7 Ra1 52. Rf3 Rg1+ 53. Rg3
Rxg3+ 54. Kxg3 axb4 55. g8=Q Kxc5 56. Qxe6 1-0

[Event "18. Open de la Constitución 2016"]
[Site "San Sebastian de los Reyes ES"]
[Date "2016.12.06"]
[Round "4.2"]
[White "Solaesa Navalpotro, Luis Julio"]
[Black "Martin Duque, Jesus"]
[Result "1/2-1/2"]
[WhiteElo "2209"]
[BlackElo "2295"]
[PlyCount "76"]
[EventDate "2016.12.03"]
[EventType "swiss"]
[EventRounds "9"]
[EventCountry "ESP"]
[SourceTitle "Ajedrez en Madrid"]
[Source "lmi"]
[SourceDate "2016.12.03"]

1. d4 Nf6 2. c4 e6 3. Nc3 Bb4 4. Qc2 O-O 5. Nf3 c5 6. dxc5 Na6 7. c6 bxc6 8. g3
c5 9. Bg2 Bb7 10. O-O Bxc3 11. Qxc3 Qb6 12. a3 d5 13. cxd5 exd5 14. b4 cxb4 15.
axb4 Rfc8 16. Qb3 Qxb4 17. Qa2 Qc4 18. Qb2 Nb4 19. Nd4 a5 20. Nf5 Rc7 21. Bf4
Qc3 22. Qb1 Qc2 23. Bxc7 Qxc7 24. Qb2 Qb6 25. Rfc1 Re8 26. Nd4 g6 27. Nb3 Ra8
28. Qd4 Qxd4 29. Nxd4 Kg7 30. Rc5 a4 31. Rb5 Nc6 32. Rxb7 Nxd4 33. e3 Ne2+ 34.
Kf1 Nc3 35. Rc7 Nce4 36. Bxe4 Nxe4 37. Ke2 Ra5 38. Ra3 h5 1/2-1/2

[Event "18. Open de la Constitución 2016"]
[Site "San Sebastian de los Reyes ES"]
[Date "2016.12.06"]
[Round "4.3"]
[White "Hernando Pertierra, Jose C"]
[Black "Hernandez Ramos, David"]
[Result "1-0"]
[WhiteElo "2362"]
[BlackElo "1979"]
[PlyCount "71"]
[EventDate "2016.12.03"]
[EventType "swiss"]
[EventRounds "9"]
[EventCountry "ESP"]
[SourceTitle "Ajedrez en Madrid"]
[Source "lmi"]
[SourceDate "2016.12.03"]

1. Nf3 g6 2. d4 Bg7 3. g3 Nf6 4. Bg2 d6 5. O-O O-O 6. b3 c5 7. c4 Qc7 8. Nc3 a6
9. Bg5 Be6 10. Qd2 Rd8 11. Rac1 Nbd7 12. Bh6 Bh8 13. Ng5 cxd4 14. Nxe6 fxe6 15.
Qxd4 Kf7 16. Ne4 Nxe4 17. Qxe4 Rab8 18. Bh3 Nc5 19. Qg4 Qd7 20. Rfd1 Bf6 21. b4
Na4 22. Rd3 Nb6 23. c5 Na8 24. Bf4 Rbc8 25. Rcd1 h5 26. Qf3 Qb5 27. Qe4 Nc7 28.
cxd6 exd6 29. Bxd6 Re8 30. Bc5 Rcd8 31. Rxd8 Bxd8 32. Qf4+ Kg7 33. Rxd8 Rxd8
34. Qxc7+ Rd7 35. Qe5+ Kh7 36. Qxe6 1-0

[Event "18. Open de la Constitución 2016"]
[Site "San Sebastian de los Reyes ES"]
[Date "2016.12.06"]
[Round "4.4"]
[White "Rottenwohrer Suarez, Juan"]
[Black "Ruiz Quevedo, Andres"]
[Result "1-0"]
[WhiteElo "2171"]
[BlackElo "1953"]
[PlyCount "63"]
[EventDate "2016.12.03"]
[EventType "swiss"]
[EventRounds "9"]
[EventCountry "ESP"]
[SourceTitle "Ajedrez en Madrid"]
[Source "lmi"]
[SourceDate "2016.12.03"]

1. Nf3 Nf6 2. g3 b6 3. Bg2 Bb7 4. O-O c5 5. c4 e6 6. Nc3 Be7 7. d4 cxd4 8. Qxd4
d6 9. Rd1 a6 10. b3 Nbd7 11. Bb2 O-O 12. Rac1 Rc8 13. h3 Qc7 14. e4 Rfd8 15.
Ne1 Bf8 16. Kh2 Qb8 17. Rc2 Nc5 18. Re2 Qa8 19. f4 Bc6 20. Nc2 b5 21. cxb5 axb5
22. Nb4 Bb7 23. g4 e5 24. Qe3 exf4 25. Qxf4 d5 26. Ncxd5 Nxd5 27. exd5 Ne6 28.
dxe6 Rxd1 29. Qxf7+ Kh8 30. e7 Rd7 31. exf8=Q+ Rxf8 32. Bxg7# 1-0

[Event "18. Open de la Constitución 2016"]
[Site "San Sebastian de los Reyes ES"]
[Date "2016.12.06"]
[Round "4.5"]
[White "Lozano Suarez, Luis Miguel"]
[Black "Alfaya Marcelo, Roberto"]
[Result "1/2-1/2"]
[WhiteElo "2147"]
[BlackElo "2114"]
[PlyCount "100"]
[EventDate "2016.12.03"]
[EventType "swiss"]
[EventRounds "9"]
[EventCountry "ESP"]
[SourceTitle "Ajedrez en Madrid"]
[Source "lmi"]
[SourceDate "2016.12.03"]

1. c4 Nf6 2. g3 c5 3. Bg2 Nc6 4. Nf3 d5 5. cxd5 Nxd5 6. O-O g6 7. d4 cxd4 8.
Nxd4 Bg7 9. Nxc6 bxc6 10. Qc2 Bd7 11. Rd1 Rc8 12. e4 Nb4 13. Qc4 c5 14. Nc3 O-O
15. Bh3 Bd4 16. Bxd7 Qxd7 17. Bh6 Rfd8 18. Rd2 Nc6 19. Be3 Qh3 20. Qe2 Ne5 21.
Bxd4 cxd4 22. Nd5 d3 23. Rxd3 Nxd3 24. Qxd3 e6 25. Nf6+ Kg7 26. Qf3 Rd2 27. Ng4
Rdc2 28. Rd1 Rc1 29. Qf6+ Kg8 30. Qf3 f5 31. exf5 gxf5 32. Ne3 Qh6 33. Kg2 Rxd1
34. Qxd1 Qg7 35. Qb3 Qf7 36. Nc4 e5 37. Nxe5 Qxb3 38. axb3 Rb8 39. Nc6 Rxb3 40.
Nxa7 Rxb2 41. Nc6 Kf7 42. Ne5+ Ke6 43. Nd3 Rd2 44. Nf4+ Ke5 45. Kf3 Ra2 46. Nh5
Ra3+ 47. Kg2 Kd4 48. Ng7 Ke4 49. Nh5 Ra2 50. Nf6+ Ke5 1/2-1/2

[Event "18. Open de la Constitución 2016"]
[Site "San Sebastian de los Reyes ES"]
[Date "2016.12.06"]
[Round "4.6"]
[White "Cabanas Bravo, Juan Andres"]
[Black "Bustos Serrano, Doroteo"]
[Result "1/2-1/2"]
[WhiteElo "1971"]
[BlackElo "2035"]
[PlyCount "63"]
[EventDate "2016.12.03"]
[EventType "swiss"]
[EventRounds "9"]
[EventCountry "ESP"]
[SourceTitle "Ajedrez en Madrid"]
[Source "lmi"]
[SourceDate "2016.12.03"]

1. e4 b6 2. d4 Bb7 3. Bd3 d6 4. Nf3 Nd7 5. c3 g6 6. Qb3 h6 7. Nbd2 Bg7 8. Nf1
Ngf6 9. Ng3 O-O 10. Nh4 Kh7 11. f4 e6 12. Nf3 c5 13. e5 dxe5 14. fxe5 Ng4 15.
O-O Ndxe5 16. Be4 Bxe4 17. Nxe4 cxd4 18. Nxd4 Nxh2 19. Bg5 hxg5 20. Kxh2 Ng4+
21. Kg3 Nh6 22. Nf3 Qc7+ 23. Kf2 g4 24. Nfg5+ Kg8 25. Kg1 Rac8 26. Nxe6 Qc4 27.
Nxf8 Bxf8 28. Nf6+ Kh8 29. Qxc4 Rxc4 30. Nd7 Bg7 31. Rae1 Nf5 32. Ne5 1/2-1/2

[Event "18. Open de la Constitución 2016"]
[Site "San Sebastian de los Reyes ES"]
[Date "2016.12.06"]
[Round "4.7"]
[White "Tarrio Ocana, Jose Manuel"]
[Black "Suarez Uriel, Adrian"]
[Result "0-1"]
[WhiteElo "1835"]
[BlackElo "2360"]
[PlyCount "62"]
[EventDate "2016.12.03"]
[EventType "swiss"]
[EventRounds "9"]
[EventCountry "ESP"]
[SourceTitle "Ajedrez en Madrid"]
[Source "lmi"]
[SourceDate "2016.12.03"]

1. e4 c5 2. Nc3 g6 3. Bc4 Bg7 4. Qf3 e6 5. Nb5 d6 6. Qd3 Ke7 7. Nc3 Nc6 8. a3
Nf6 9. Nf3 Re8 10. O-O Kf8 11. Re1 a6 12. e5 dxe5 13. Qxd8 Rxd8 14. Nxe5 Nd4
15. Bd3 b5 16. Ne2 c4 17. Nxd4 cxd3 18. Ndc6 Rd6 19. a4 bxa4 20. cxd3 Bd7 21.
Na5 Rd5 22. Nac4 Rb8 23. Nxd7+ Nxd7 24. Rxa4 Nc5 25. Ra5 Nxd3 26. Rd1 Rxa5 27.
Nxa5 Rc8 28. Nb3 a5 29. Kf1 a4 30. Ke2 Nb4 31. Na1 Na2 0-1

[Event "18. Open de la Constitución 2016"]
[Site "San Sebastian de los Reyes ES"]
[Date "2016.12.06"]
[Round "4.8"]
[White "Quevedo Marin, Manuel"]
[Black "Reyes Penas, Sebastian"]
[Result "1/2-1/2"]
[WhiteElo "2267"]
[BlackElo "1832"]
[PlyCount "93"]
[EventDate "2016.12.03"]
[EventType "swiss"]
[EventRounds "9"]
[EventCountry "ESP"]
[SourceTitle "Ajedrez en Madrid"]
[Source "lmi"]
[SourceDate "2016.12.03"]

1. d4 Nf6 2. c4 e6 3. Nc3 Bb4 4. e3 b6 5. Nf3 Bb7 6. Bd3 Ne4 7. Qc2 f5 8. O-O
Bxc3 9. bxc3 O-O 10. Nd2 Qh4 11. f3 Nxd2 12. Bxd2 d6 13. Be1 Qg5 14. Qe2 Nd7
15. Bg3 g6 16. Rab1 e5 17. e4 f4 18. Bf2 c5 19. Bc2 Qe7 20. Rfd1 Rfd8 21. Ba4
Nf6 22. Rb2 Rac8 23. Rbd2 Ba6 24. Bb5 Bxb5 25. cxb5 cxd4 26. cxd4 g5 27. Qd3
Rd7 28. h3 Rdc7 29. a4 Rc3 30. Qb1 Qc7 31. Kh2 Kg7 32. Qb4 Rc4 33. Qb3 Qe7 34.
Rd3 h5 35. dxe5 dxe5 36. Kh1 Qb4 37. Qa2 Qxa4 38. Qb2 Re8 39. Ra1 Rc2 40. Rxa4
Rxb2 41. Rxa7+ Kg6 42. Bxb6 Rxb5 43. Rd6 g4 44. Kg1 Rc8 45. Bc7 g3 46. Kf1 Rc5
47. Raa6 1/2-1/2

[Event "18. Open de la Constitución 2016"]
[Site "San Sebastian de los Reyes ES"]
[Date "2016.12.06"]
[Round "4.9"]
[White "Martin Manzano, Antonio"]
[Black "Fernandez Lledo, Javier"]
[Result "0-1"]
[WhiteElo "1818"]
[BlackElo "2242"]
[PlyCount "98"]
[EventDate "2016.12.03"]
[EventType "swiss"]
[EventRounds "9"]
[EventCountry "ESP"]
[SourceTitle "Ajedrez en Madrid"]
[Source "lmi"]
[SourceDate "2016.12.03"]

1. b3 e5 2. Bb2 Nc6 3. e3 Nf6 4. c4 d5 5. cxd5 Nxd5 6. a3 Bd6 7. Qc2 O-O 8. d3
Be6 9. Nd2 f5 10. Ngf3 f4 11. e4 Nb6 12. b4 a6 13. Be2 Qf6 14. Rc1 g5 15. h3
Rad8 16. Nb3 h5 17. Nc5 Bxc5 18. bxc5 Nd7 19. h4 g4 20. Ng5 Kh8 21. Nxe6 Qxe6
22. Qc4 Qxc4 23. Rxc4 Ndb8 24. f3 gxf3 25. gxf3 Nd4 26. Rg1 Rg8 27. Rxg8+ Kxg8
28. Bxd4 Rxd4 29. Rc3 Nc6 30. Bd1 Kf8 31. Bb3 Ne7 32. Be6 b6 33. cxb6 cxb6 34.
Ke2 Rd6 35. Bf5 Rc6 36. Rxc6 Nxc6 37. Bg6 Nd4+ 38. Kf2 Nb5 39. Bxh5 Nxa3 40.
Bg4 Nc2 41. Ke2 Nd4+ 42. Kd2 b5 43. Kc3 a5 44. h5 Kg7 45. Kb2 b4 46. Ka2 a4 47.
Bd7 a3 48. Ba4 Kf6 49. Be8 Nxf3 0-1

[Event "18. Open de la Constitución 2016"]
[Site "San Sebastian de los Reyes ES"]
[Date "2016.12.06"]
[Round "4.10"]
[White "Alvarez Abejon, Amilcar"]
[Black "Alonso Garuti, Luis E"]
[Result "1/2-1/2"]
[WhiteElo "1993"]
[BlackElo "1844"]
[PlyCount "44"]
[EventDate "2016.12.03"]
[EventType "swiss"]
[EventRounds "9"]
[EventCountry "ESP"]
[SourceTitle "Ajedrez en Madrid"]
[Source "lmi"]
[SourceDate "2016.12.03"]

1. e4 c5 2. Nf3 Nc6 3. d4 cxd4 4. Nxd4 d6 5. Nc3 e6 6. Be2 Nf6 7. O-O Be7 8.
Be3 a6 9. f4 Qc7 10. Qe1 Nxd4 11. Bxd4 e5 12. fxe5 dxe5 13. Qg3 Bc5 14. Bxc5
Qxc5+ 15. Kh1 Kf8 16. Rad1 Be6 17. Rd2 Re8 18. Rfd1 g6 19. Nd5 Bxd5 20. Qh4
Nxe4 21. Rxd5 Nf2+ 22. Kg1 Nh3+ 1/2-1/2

[Event "18. Open de la Constitución 2016"]
[Site "San Sebastian de los Reyes ES"]
[Date "2016.12.06"]
[Round "4.11"]
[White "Vazquez Gonzalez, Jesus"]
[Black "Alvarez Gonzalez, Eduardo"]
[Result "1-0"]
[WhiteElo "1966"]
[BlackElo "1816"]
[PlyCount "47"]
[EventDate "2016.12.03"]
[EventType "swiss"]
[EventRounds "9"]
[EventCountry "ESP"]
[SourceTitle "Ajedrez en Madrid"]
[Source "lmi"]
[SourceDate "2016.12.03"]

1. e4 c6 2. Nf3 d5 3. exd5 cxd5 4. Ne5 Nf6 5. d4 Nc6 6. c3 Qb6 7. Bd3 g6 8. O-O
Bg7 9. Re1 Bf5 10. Nxc6 bxc6 11. Bxf5 gxf5 12. Qf3 e6 13. Qxf5 Qb7 14. b3 Ne4
15. Qh3 Qe7 16. Nd2 Ng5 17. Qh5 h6 18. f4 Qd6 19. Qg4 O-O-O 20. fxg5 hxg5 21.
Nf3 f5 22. Qg3 f4 23. Qxg5 Bxd4+ 24. cxd4 1-0

[Event "18. Open de la Constitución 2016"]
[Site "San Sebastian de los Reyes ES"]
[Date "2016.12.06"]
[Round "4.12"]
[White "De Dompablo Fantova, Juan"]
[Black "Bombin Pinera, Dionisio"]
[Result "0-1"]
[WhiteElo "1651"]
[BlackElo "1956"]
[PlyCount "91"]
[EventDate "2016.12.03"]
[EventType "swiss"]
[EventRounds "9"]
[EventCountry "ESP"]
[SourceTitle "Ajedrez en Madrid"]
[Source "lmi"]
[SourceDate "2016.12.03"]

1. e4 e6 2. d3 c5 3. Nc3 g6 4. g3 Bg7 5. Bg2 Ne7 6. f4 Nbc6 7. Nf3 O-O 8. O-O
d6 9. Be3 Nd4 10. Rb1 Nec6 11. a3 Bd7 12. Ne2 Nxf3+ 13. Bxf3 Nd4 14. Bg2 Qc7
15. c3 Nxe2+ 16. Qxe2 Rab8 17. h4 b5 18. Rfc1 Rfc8 19. h5 a5 20. Bf3 a4 21. Qh2
Qa5 22. Kg2 b4 23. hxg6 hxg6 24. Rh1 bxc3 25. Qh7+ Kf8 26. f5 cxb2 27. Bh6 Qc3
28. Qh8+ Ke7 29. Qxg7 Qc2+ 30. Kh3 Kd8 31. Qxf7 gxf5 32. Qf6+ Kc7 33. Bg7 Qxd3
34. Rhf1 fxe4 35. Bg4 Rb3 36. Qf2 e3 37. Qe1 Qh7+ 38. Kg2 Bc6+ 39. Bf3 Bxf3+
40. Rxf3 Qxg7 41. Qa5+ Kb8 42. Qxa4 Qc3 43. Qe4 Rh8 44. Rbf1 Qd2+ 45. R3f2 exf2
46. Qg4 0-1

[Event "18. Open de la Constitución 2016"]
[Site "San Sebastian de los Reyes ES"]
[Date "2016.12.06"]
[Round "4.13"]
[White "Gueler Berdasco, Martin"]
[Black "De La Pena Garcia, Blanca"]
[Result "1-0"]
[WhiteElo "1929"]
[BlackElo "1815"]
[PlyCount "87"]
[EventDate "2016.12.03"]
[EventType "swiss"]
[EventRounds "9"]
[EventCountry "ESP"]
[SourceTitle "Ajedrez en Madrid"]
[Source "lmi"]
[SourceDate "2016.12.03"]

1. b4 d5 2. Bb2 Bf5 3. e3 e6 4. Nf3 Nf6 5. a3 Bd6 6. c4 c6 7. Nc3 O-O 8. cxd5
exd5 9. Nh4 Bg6 10. Be2 Nbd7 11. g4 Ne5 12. Nxg6 fxg6 13. h3 Nfd7 14. h4 Qf6
15. f4 Qf7 16. Qc2 Nc4 17. Bxc4 dxc4 18. Ne4 Bc7 19. O-O-O Rae8 20. h5 b5 21.
Ng5 Qd5 22. hxg6 Qd3 23. Rxh7 Nf6 24. Bxf6 Rxf6 25. Qxd3 cxd3 26. f5 Kf8 27.
Rh8+ Ke7 28. Rxe8+ Kxe8 29. Ne6 Rxe6 30. fxe6 Ke7 31. Rf1 Kxe6 32. Rf5 Be5 33.
Kb1 Kd5 34. Ka2 Kd6 35. Kb3 Kd5 36. a4 bxa4+ 37. Kxa4 Kd6 38. Rf7 Ke6 39. Kb3
Kd5 40. Rxa7 Ke4 41. Re7 Kd5 42. Rf7 Ke4 43. Kc4 Bf6 44. Rxf6 1-0

[Event "18. Open de la Constitución 2016"]
[Site "San Sebastian de los Reyes ES"]
[Date "2016.12.06"]
[Round "4.15"]
[White "Lozano Freras, Sergio"]
[Black "Romero Fite, Miguel"]
[Result "1/2-1/2"]
[WhiteElo "1904"]
[BlackElo "1790"]
[PlyCount "78"]
[EventDate "2016.12.03"]
[EventType "swiss"]
[EventRounds "9"]
[EventCountry "ESP"]
[SourceTitle "Ajedrez en Madrid"]
[Source "lmi"]
[SourceDate "2016.12.03"]

1. e4 e6 2. Qe2 c5 3. Nf3 Nc6 4. c3 Be7 5. g3 d5 6. d3 Nf6 7. Bg2 O-O 8. O-O b5
9. e5 Nd7 10. h4 Ba6 11. Re1 b4 12. Nbd2 Bb7 13. Nf1 a5 14. N1h2 a4 15. Ng4 a3
16. h5 axb2 17. Bxb2 bxc3 18. Bxc3 Ra4 19. Ngh2 Qc7 20. Bd2 Rfa8 21. Bf4 Ba6
22. Ng4 Qd8 23. Red1 Nb4 24. Rd2 Ra3 25. Ne1 Bb5 26. Nh6+ gxh6 27. Bh3 Bg5 28.
Kh2 Bxf4 29. gxf4 Qh4 30. Ng2 Qd8 31. Rg1 Kh8 32. Ne1 Qf8 33. f5 Rxa2 34. Rxa2
Rxa2 35. Qe3 Nc6 36. Nf3 Ra3 37. fxe6 Rxd3 38. e7 Nxe7 39. Qf4 Ng8 1/2-1/2

[Event "18. Open de la Constitución 2016"]
[Site "San Sebastian de los Reyes ES"]
[Date "2016.12.06"]
[Round "4.16"]
[White "Sebastian Enesco, Alex"]
[Black "Calvo de Castro, Miguel"]
[Result "0-1"]
[WhiteElo "1864"]
[BlackElo "1787"]
[PlyCount "66"]
[EventDate "2016.12.03"]
[EventType "swiss"]
[EventRounds "9"]
[EventCountry "ESP"]
[SourceTitle "Ajedrez en Madrid"]
[Source "lmi"]
[SourceDate "2016.12.03"]

1. e4 e5 2. f4 exf4 3. Nf3 Ne7 4. d4 d5 5. e5 Ng6 6. h4 h5 7. Bd3 f5 8. exf6
Qxf6 9. Bxg6+ Qxg6 10. Qe2+ Qe6 11. Ne5 Nd7 12. Bxf4 Nxe5 13. Bxe5 Bd7 14. Nc3
O-O-O 15. O-O-O Qh6+ 16. Qd2 Bg4 17. Qxh6 Rxh6 18. Rde1 c6 19. Rhf1 Re6 20. Rf7
g6 21. Rc7+ Kb8 22. Rxc6+ Rxe5 23. Rxe5 bxc6 24. a3 Bg7 25. Re7 Bxd4 26. Na2
Rd7 27. Re8+ Kb7 28. b4 Rf7 29. Kd2 Rf2+ 30. Kd3 Bf6 31. b5 c5 32. a4 c4+ 33.
Ke3 Re2+ 0-1

[Event "18. Open de la Constitución 2016"]
[Site "San Sebastian de los Reyes ES"]
[Date "2016.12.06"]
[Round "4.17"]
[White "Camarero Izquierdo, Juan Carlos"]
[Black "Rodriguez Bernal, Herman"]
[Result "1-0"]
[WhiteElo "1760"]
[BlackElo "1816"]
[PlyCount "55"]
[EventDate "2016.12.03"]
[EventType "swiss"]
[EventRounds "9"]
[EventCountry "ESP"]
[SourceTitle "Ajedrez en Madrid"]
[Source "lmi"]
[SourceDate "2016.12.03"]

1. d4 g6 2. e4 d6 3. Nc3 Bg7 4. Be3 Nf6 5. f3 O-O 6. Qd2 e5 7. d5 a6 8. O-O-O
b5 9. h4 h5 10. Nh3 b4 11. Ne2 Nbd7 12. Ng5 Nc5 13. g3 a5 14. Bh3 Ba6 15. g4
Bxe2 16. Qxe2 a4 17. gxh5 Nxh5 18. Bxc5 dxc5 19. Qf2 Qd6 20. Bg4 Nf4 21. Kb1 b3
22. cxb3 Rfb8 23. h5 a3 24. hxg6 c4 25. gxf7+ Kf8 26. Ne6+ Nxe6 27. dxe6 Qa6
28. Qc5+ 1-0

[Event "18. Open de la Constitución 2016"]
[Site "San Sebastian de los Reyes ES"]
[Date "2016.12.06"]
[Round "4.18"]
[White "Marcos Herrero, Francisco"]
[Black "Llamas Aliste, Alberto"]
[Result "1-0"]
[WhiteElo "1996"]
[BlackElo "1663"]
[PlyCount "45"]
[EventDate "2016.12.03"]
[EventType "swiss"]
[EventRounds "9"]
[EventCountry "ESP"]
[SourceTitle "Ajedrez en Madrid"]
[Source "lmi"]
[SourceDate "2016.12.03"]

1. Nf3 Nf6 2. c4 g6 3. b4 Bg7 4. Bb2 d5 5. cxd5 O-O 6. g3 Nxd5 7. Bxg7 Kxg7 8.
Qb3 a5 9. b5 c6 10. a4 Qb6 11. Bg2 Be6 12. Ng5 Nd7 13. Nxe6+ fxe6 14. O-O Rf6
15. Nc3 Nc5 16. Qb2 Kg8 17. d4 Nd7 18. Ne4 Raf8 19. Nxf6+ Rxf6 20. Rac1 c5 21.
dxc5 Nxc5 22. Bxd5 Nxa4 23. Qb3 1-0

[Event "18. Open de la Constitución 2016"]
[Site "San Sebastian de los Reyes ES"]
[Date "2016.12.06"]
[Round "4.19"]
[White "Gil Fernandez, Daniel"]
[Black "Doval Mancheno, Pablo"]
[Result "1-0"]
[WhiteElo "1777"]
[BlackElo "1629"]
[PlyCount "55"]
[EventDate "2016.12.03"]
[EventType "swiss"]
[EventRounds "9"]
[EventCountry "ESP"]
[SourceTitle "Ajedrez en Madrid"]
[Source "lmi"]
[SourceDate "2016.12.03"]

1. d4 Nf6 2. c4 e6 3. Nc3 Bb4 4. e3 b6 5. Nge2 Ne4 6. Qc2 Bxc3+ 7. Nxc3 Nxc3 8.
Qxc3 Bb7 9. b4 O-O 10. Bb2 f5 11. O-O-O Qf6 12. Qc2 d6 13. Rg1 f4 14. e4 f3 15.
g3 Qh6+ 16. Kb1 Qxh2 17. Bd3 Qh5 18. Rh1 Qg5 19. e5 h6 20. Bc1 Qe7 21. Bh7+ Kh8
22. Bxh6 gxh6 23. Rxh6 dxe5 24. Be4+ Kg8 25. Rg6+ Kf7 26. Bxb7 Qxb4+ 27. Ka1
exd4 28. Bxa8 1-0

[Event "18. Open de la Constitución 2016"]
[Site "San Sebastian de los Reyes ES"]
[Date "2016.12.06"]
[Round "4.20"]
[White "Del Campo Lobo, Joaquin"]
[Black "Morata Palacios, Francisco"]
[Result "0-1"]
[WhiteElo "1680"]
[BlackElo "1757"]
[PlyCount "124"]
[EventDate "2016.12.03"]
[EventType "swiss"]
[EventRounds "9"]
[EventCountry "ESP"]
[SourceTitle "Ajedrez en Madrid"]
[Source "lmi"]
[SourceDate "2016.12.03"]

1. d4 d5 2. c4 c6 3. Nc3 Nf6 4. Nf3 Nbd7 5. cxd5 Nxd5 6. g3 Nxc3 7. bxc3 g6 8.
Bg2 Bg7 9. O-O O-O 10. Bb2 Nb6 11. Nd2 e5 12. e3 Be6 13. Qc1 Qc7 14. Rd1 Rfd8
15. Bf1 Bg4 16. f3 Be6 17. a4 a5 18. Kf2 f5 19. Qc2 Rac8 20. Ba3 Nd5 21. Rdb1
f4 22. gxf4 exd4 23. cxd4 Nxe3 24. Kxe3 Bxd4+ 25. Ke2 Qxf4 26. Qe4 Qxh2+ 27.
Kd1 Bf5 28. Qe2 Qxe2+ 29. Bxe2 Bc3 30. Rb2 Rd7 31. Bc4+ Kg7 32. Raa2 Rcd8 33.
Ke1 Re8+ 34. Kf1 Bxb2 35. Rxb2 Re3 36. Ra2 Bd3+ 37. Bxd3 Rexd3 38. Ne4 Rxf3+
39. Ke2 Rh3 40. Kf1 Rh1+ 41. Kg2 Rh4 42. Re2 Rf4 43. Bb2+ Kf7 44. Ng5+ Kg8 45.
Kg3 Rf5 46. Ne4 Rd3+ 47. Kg2 h5 48. Nf6+ Kf7 49. Ne4 b5 50. Rc2 bxa4 51. Rxc6
Rfd5 52. Rf6+ Ke7 53. Rf2 a3 54. Bf6+ Kd7 55. Ba1 Ke6 56. Rf6+ Ke7 57. Rxg6 Re3
58. Bf6+ Kd7 59. Ng3 Rd2+ 60. Kh3 a2 61. Kh4 Rh2+ 62. Kg5 Rxg3+ 0-1

[Event "18. Open de la Constitución 2016"]
[Site "San Sebastian de los Reyes ES"]
[Date "2016.12.06"]
[Round "4.21"]
[White "Guzman Castro, Enrique"]
[Black "Osuna Osuna, Francisco"]
[Result "1/2-1/2"]
[WhiteElo "1742"]
[BlackElo "1441"]
[PlyCount "222"]
[EventDate "2016.12.03"]
[EventType "swiss"]
[EventRounds "9"]
[EventCountry "ESP"]
[SourceTitle "Ajedrez en Madrid"]
[Source "lmi"]
[SourceDate "2016.12.03"]

1. d4 d5 2. Nf3 Nf6 3. Bf4 e6 4. e3 Bd6 5. Ne5 Nbd7 6. g4 Bxe5 7. dxe5 Ne4 8.
h4 Nb6 9. Nd2 Nxd2 10. Qxd2 Qe7 11. a4 a5 12. Qc3 Qb4 13. Qxb4 axb4 14. b3 Nd7
15. Bb5 c6 16. Bd3 Nc5 17. Ke2 b6 18. f3 Ba6 19. Bxa6 Rxa6 20. Bg3 h5 21. g5 g6
22. Rhc1 Ke7 23. Be1 Nd7 24. Bxb4+ c5 25. Bc3 Rha8 26. f4 R6a7 27. Bb2 Rd8 28.
Rd1 Nb8 29. Bc3 Nc6 30. Rdb1 Rda8 31. b4 Rxa4 32. Rxa4 Rxa4 33. bxc5 bxc5 34.
Rb7+ Ke8 35. Rb6 d4 36. Rxc6 dxc3 37. Rxc5 Ra1 38. Kf3 Rh1 39. Kg3 Rg1+ 40. Kh2
Rg4 41. Kh3 Rg1 42. Rxc3 Rd1 43. Rd3 Rc1 44. c3 Rh1+ 45. Kg3 Rg1+ 46. Kh2 Rc1
47. Kg2 Rc2+ 48. Kf3 Rh2 49. Rd1 Rc2 50. Rd3 Rh2 51. Kg3 Rc2 52. e4 Rc1 53. Kg2
Rc2+ 54. Kf3 Rc1 55. Kf2 Rc2+ 56. Ke3 Rh2 57. Kd4 Rxh4 58. Rf3 Rh1 59. Kc5 h4
60. c4 h3 61. Kc6 h2 62. Rh3 Rc1 63. Rxh2 Rxc4+ 64. Kd6 Rd4+ 65. Kc5 Rxe4 66.
Rf2 Ke7 67. Rf3 Re1 68. Rc3 Rf1 69. Rc4 Rd1 70. Kc6 Rd2 71. Kc5 Rd5+ 72. Kc6
Rd2 73. Kc7 Rd7+ 74. Kb6 Rd2 75. Rc7+ Ke8 76. Rc4 Ke7 77. Kb5 Rd5+ 78. Rc5 Rd1
79. Rc2 Ke8 80. Rc4 Rd5+ 81. Kc6 Rd1 82. Kc5 Rd5+ 83. Kb4 Rd1 84. Kc3 Rc1+ 85.
Kd3 Rd1+ 86. Ke2 Rh1 87. Rc8+ Ke7 88. Rc7+ Ke8 89. Rc4 Rh2+ 90. Kf3 Rh3+ 91.
Kg4 Rh1 92. Ra4 Rg1+ 93. Kh3 Rd1 94. Kg3 Rg1+ 95. Kf2 Rd1 96. Ke2 Rd5 97. Rc4
Rd8 98. Ke3 Rd1 99. Rd4 Re1+ 100. Kd3 Rd1+ 101. Kc4 Rc1+ 102. Kb5 Rb1+ 103. Kc5
Rc1+ 104. Kd6 Ra1 105. Rc4 Rd1+ 106. Kc7 Rd7+ 107. Kc8 Rd8+ 108. Kb7 Rd1 109.
Kc6 Ke7 110. Kc7 Rd7+ 111. Kb6 Rd1 1/2-1/2

[Event "18. Open de la Constitución 2016"]
[Site "San Sebastian de los Reyes ES"]
[Date "2016.12.06"]
[Round "4.23"]
[White "Ortega Morales, Pedro"]
[Black "Arroyo Martinez, Fernando"]
[Result "0-1"]
[WhiteElo "1809"]
[BlackElo "1967"]
[PlyCount "88"]
[EventDate "2016.12.03"]
[EventType "swiss"]
[EventRounds "9"]
[EventCountry "ESP"]
[SourceTitle "Ajedrez en Madrid"]
[Source "lmi"]
[SourceDate "2016.12.03"]

1. d4 Nf6 2. Bf4 g6 3. Nf3 Bg7 4. e3 O-O 5. Be2 d6 6. Nbd2 b6 7. O-O Bb7 8. c4
Nh5 9. Bg5 h6 10. Bh4 Nd7 11. Ne1 Nhf6 12. Nc2 e5 13. a4 a5 14. Na3 Re8 15. Nb5
g5 16. Bg3 Nf8 17. Re1 c6 18. Nc3 Ng6 19. Rb1 d5 20. cxd5 exd4 21. exd4 Nxd5
22. Nf3 Nb4 23. Qd2 g4 24. Ne5 Nxe5 25. Bf4 Ng6 26. Bxh6 Bxh6 27. Qxh6 Qxd4 28.
Rbd1 Qe5 29. Qd2 Qf5 30. Bf1 c5 31. Rxe8+ Rxe8 32. Bb5 Bc6 33. Bc4 Nf4 34. Bf1
Nbd5 35. Nxd5 Nxd5 36. Bd3 Qe5 37. Qh6 Nf6 38. b3 Qd5 39. f3 Qe5 40. fxg4 Qe3+
41. Qxe3 Rxe3 42. h3 Bd5 43. Kf2 Bxb3 44. Rd2 Re7 0-1